5HLuxD.jpg

KING HENRY VIII SENIOR AND PRIMARY SCHOOL LIBRARY OPAC

Chatroom / (Record no. 2990)

000 -LEADER
fixed length control field 00912cam a2200313 a 4500
001 - CONTROL NUMBER
control field 15312389
003 - CONTROL NUMBER IDENTIFIER
control field OSt
005 - DATE AND TIME OF LATEST TRANSACTION
control field 20230914112623.0
008 - FIXED-LENGTH DATA ELEMENTS--GENERAL INFORMATION
fixed length control field 071212r20072005enk 000 d eng
010 ## - LIBRARY OF CONGRESS CONTROL NUMBER
LC control number 2008399825
015 ## - NATIONAL BIBLIOGRAPHY NUMBER
National bibliography number GBA847017
Source bnb
016 7# - NATIONAL BIBLIOGRAPHIC AGENCY CONTROL NUMBER
Record control number 014472650
Source Uk
020 ## - INTERNATIONAL STANDARD BOOK NUMBER
International Standard Book Number 9780573052569 (pbk.)
020 ## - INTERNATIONAL STANDARD BOOK NUMBER
International Standard Book Number 0573052565 (pbk.)
035 ## - SYSTEM CONTROL NUMBER
System control number (OCoLC)ocn214304755
035 ## - SYSTEM CONTROL NUMBER
System control number (OCoLC)214304755
040 ## - CATALOGING SOURCE
Original cataloging agency UKM
Transcribing agency UKM
Modifying agency CDX
-- DLC
-- KH8
042 ## - AUTHENTICATION CODE
Authentication code lccopycat
082 00 - DEWEY DECIMAL CLASSIFICATION NUMBER
Classification number 822.92 WAL
Edition number 22
100 1# - MAIN ENTRY--PERSONAL NAME
Personal name Walsh, Enda,
Relator term author.
245 10 - TITLE STATEMENT
Title Chatroom /
Statement of responsibility, etc. Enda Walsh.
250 ## - EDITION STATEMENT
Edition statement Acting ed.
260 ## - PUBLICATION, DISTRIBUTION, ETC.
Place of publication, distribution, etc. London :
Name of publisher, distributor, etc. Samuel French,
Date of publication, distribution, etc. c2007.
300 ## - PHYSICAL DESCRIPTION
Extent 45 p. ;
Dimensions 19 cm.
500 ## - GENERAL NOTE
General note Originally published in: Shell connections 2005 : new plays for young people. London : Faber and Faber, 2005.
650 #0 - SUBJECT ADDED ENTRY--TOPICAL TERM
Topical term or geographic name entry element Teenagers
Form subdivision Drama.
650 #0 - SUBJECT ADDED ENTRY--TOPICAL TERM
Topical term or geographic name entry element Online chat groups
Form subdivision Drama.
942 ## - ADDED ENTRY ELEMENTS (KOHA)
Source of classification or shelving scheme
Koha item type Teaching Resources
Holdings
Withdrawn status Lost status Source of classification or shelving scheme Damaged status Not for loan Collection code Permanent Location Current Location Shelving location Date acquired Full call number Barcode Date last seen Price effective from Koha item type
          Teaching Resources KH8 Senior School Library KH8 Senior School Library Staff Office 2023-09-14 822.92 WAL TRKHSL003171 2023-09-14 2023-09-14 Teaching Resources

Powered By KH8 IT Dept